ARRUPE JESUIT UNIVERSITY

CORONAVIRUS -STOP THE SPREAD - CLEAN,DISINFECT,COVER

It's time to unleash your greatness! / (Record no. 126109)

MARC details
000 -LEADER
fixed length control field 00810nam a22002657a 4500
001 - CONTROL NUMBER
control field 13996593
003 - CONTROL NUMBER IDENTIFIER
control field ARRUPE
005 - DATE AND TIME OF LATEST TRANSACTION
control field 20170214101657.0
008 - FIXED-LENGTH DATA ELEMENTS--GENERAL INFORMATION
fixed length control field 030917s2003 rh b 000 0 eng
010 ## - LIBRARY OF CONGRESS CONTROL NUMBER
LC control number 2003405710
020 ## - INTERNATIONAL STANDARD BOOK NUMBER
International Standard Book Number 0797425837
035 ## - SYSTEM CONTROL NUMBER
System control number (DLC) 2003405710
040 ## - CATALOGING SOURCE
Original cataloging agency DLC
Transcribing agency DLC
042 ## - AUTHENTICATION CODE
Authentication code lcode
050 00 - LIBRARY OF CONGRESS CALL NUMBER
Classification number MLCS 2004/00901 (B)
300 ## - PHYSICAL DESCRIPTION
Dimensions 21 cm.
100 1# - MAIN ENTRY--PERSONAL NAME
Personal name Kamwendo, Milton.
9 (RLIN) 28802
245 10 - TITLE STATEMENT
Title It's time to unleash your greatness! /
Statement of responsibility, etc Milton Kamwendo.
260 ## - PUBLICATION, DISTRIBUTION, ETC. (IMPRINT)
Place of publication, distribution, etc Harare, Zimbabwe :
Name of publisher, distributor, etc Wonak Investments Private Ltd.,
Date of publication, distribution, etc c2003.
300 ## - PHYSICAL DESCRIPTION
Extent 180 p. ;
504 ## - BIBLIOGRAPHY, ETC. NOTE
Bibliography, etc Includes bibliographical references (p. 175-177).
650 ## - SUBJECT ADDED ENTRY--TOPICAL TERM
Topical term or geographic name as entry element Success
9 (RLIN) 28803
906 ## - LOCAL DATA ELEMENT F, LDF (RLIN)
a 7
b cbc
c origode
d 3
e ncip
f 20
g y-gencatlg
942 ## - ADDED ENTRY ELEMENTS (KOHA)
Source of classification or shelving scheme Library of Congress Classification
Koha item type Monograph ( Printed materials)
Holdings
Withdrawn status Lost status Source of classification or shelving scheme Damaged status Not for loan Collection code Home library Current library Shelving location Date acquired Total Checkouts Full call number Barcode Checked out Date last seen Date checked out Price effective from Koha item type
    Library of Congress Classification     Main Collection ARRUPE LIBRARY ARRUPE LIBRARY Main Collection 14/02/2017 1 BF637.S8 K15 46500023871 18/06/2017 19/05/2017 19/05/2017 14/02/2017 Monograph ( Printed materials)

 

Arrupe Library. PO Box MP320 Mt Pleasant, Harare, Zimbabwe
263 242 745411|librarian@aju.ac.zw